Η γη και οι αγρότες στη μεσαιωνική Κρήτη, 13os-14os αι. = Land and peasants in medieval Crete, 13th-14th c.

Αποθηκεύτηκε σε:
Λεπτομέρειες βιβλιογραφικής εγγραφής
Κύριος συγγραφέας: Γάσπαρης, Χαράλαμπος
Μορφή: Βιβλίο
Γλώσσα:Greek
English
Δημοσίευση: Αθήνα : Εθνικό Ιδρυμα Ερευνών, Ινστιτούτο Βυζαντινών Ερευνών, 1997.
Σειρά:Μονογραφίες (Ινστιτούτο Βυζαντινών Ερευνών) 4
Θέματα:
Ετικέτες: Προσθήκη ετικέτας
Δεν υπάρχουν, Καταχωρήστε ετικέτα πρώτοι!

MARC

LEADER 00000cam a2200000 i 4500
001 1/13968
008 980406s1997####gr | | ||| |||| ||gre||
020 |a 9603710008  
035 |1 ΠΑΡ  |a 1997  |l 10019241 
040 |a GR-MY-UA  |b gre  |e aacr 
041 0 |a gre  |a eng 
082 7 |a 938.497   |2 (22) 
100 1 |a Γάσπαρης, Χαράλαμπος. 
245 1 2 |a Η γη και οι αγρότες στη μεσαιωνική Κρήτη, 13os-14os αι. =   |b Land and peasants in medieval Crete, 13th-14th c. /   |c Χαράλαμπος Γάσπαρης.  
246 1 |i Παράλληλος τίτλος:   |a Land and peasants in medieval Crete, 13th-14th c.  
260 |a Αθήνα :   |b Εθνικό Ιδρυμα Ερευνών, Ινστιτούτο Βυζαντινών Ερευνών,   |c 1997.  
300 |a 462 σ.  
490 1 |a (Μονογραφίες / Ινστιτούτο Βυζαντινών Ερευνών ;   |v 4)  
504 |a Περιέχει βιβλιογραφία και ευρετήριο.  
650 0 0 |a Agriculture  |z Greece  |z Crete. 
651 0 |a Crete (Greece)  |x History  |y Venetian rule, 1204-1669. 
651 0 |a Crete (Greece)  |x Economic conditions. 
830 0 |a Μονογραφίες (Ινστιτούτο Βυζαντινών Ερευνών)  |v 4  
852 |a INST  |b LESVOS  |e 19980406  |h 938.497 ΓΑΣ  |p 005100014964  |q 005100014964  |t BK  |y 0 
909 |a Λ  |b 051616